Welcome to the Holygrace Academy Library

Please use search bar below to get started

BATMAN (Record no. 4441)

MARC details
000 -LEADER
fixed length control field 00274nam a22001217a 4500
020 ## - INTERNATIONAL STANDARD BOOK NUMBER
ISBN 0-7214-1235-1
082 ## - DEWEY DECIMAL CLASSIFICATION NUMBER
Classification number 823
Item number HAT/B
100 ## - MAIN ENTRY--AUTHOR NAME
Personal name HATCH, V CONSTANCE
245 ## - TITLE STATEMENT
Title BATMAN
Remainder of title FUNHOUSE OF FEAR
260 ## - PUBLICATION, DISTRIBUTION, ETC. (IMPRINT)
Place of publication UK
Name of publisher LADYBIRD
650 ## - SUBJECT ADDED ENTRY--TOPICAL TERM
Topical Term ENGLISH SHORT STORY
Geographic subdivision UK
942 ## - ADDED ENTRY ELEMENTS (KOHA)
Koha item type Books
Holdings
Withdrawn status Lost status Collection code Home library Current library Shelving location Date acquired Source of acquisition Full call number Accession Number Koha item type
    Fiction Main Library Main Library SHELF-3-H-LADYBIRD STORY BOOKS 17/03/2014 PURCHASE 823 HAT/B 06669 Books